| 000 | 00484nam a2200181 a 4500 | ||
|---|---|---|---|
| 005 | 20140310183347.0 | ||
| 008 | 070222s19uu xx 00 eng d | ||
| 020 | _a1844480070 | ||
| 050 |
_aND 1500 _b.Sa194 2005 |
||
| 100 | _aSanders, Michael | ||
| 245 | _aPainting with Oils. | ||
| 260 |
_aGreat Britain : _bSearch Press Limited, _c2005. |
||
| 300 |
_a96 p. : _bcol. ill. ; _c28 cm. |
||
| 521 | _aMA | ||
| 650 |
_aPainting _xTechnique. |
||
| 942 |
_cBK _2lcc _kFOR |
||
| 999 |
_c21969 _d21969 |
||